000 00433nam a2200133Ia 4500
005 20260328101514.0
008 260328s9999||||xx |||||||||||||| ||und||
100 _aLeonard, Annie
245 4 _aThe Story of stuff :
_b How our obsession with stuff is trashing the Planet, our communities, and our health and vision for Change /
_cAnnie Leonard
260 _bFree Press
300 _a317 p.
650 _aDISEÑO INDUSTRIAL
942 _cBK
999 _c9322
_d9322